[Event "Pan American-ch U16"]
[Site "Cali"]
[Date "2015.07.02"]
[Round "7"]
[White "Velasco, Isaac"]
[Black "Rincon R, Javier Duvan"]
[Result "1-0"]
[WhiteElo "1558"]
[BlackElo "1832"]
[PlyCount "54"]
[EventDate "2015.06.28"]
[EventType "swiss"]
[EventRounds "9"]
[EventCountry "COL"]
[SourceTitle "EXT 2016"]
[Source "ChessBase"]
[SourceDate "2015.10.08"]
[SourceVersion "1"]
[SourceVersionDate "2015.10.08"]
[SourceQuality "1"]

1. e4 c5 2. Nf3 d6 3. d4 cxd4 4. Nxd4 Nf6 5. f3 a6 6. c4 e6 7. Nc3 Nbd7 8. Nc2 Qc7 9. Be2 b6 10. Be3 Be7 11. Qd2 Bb7 12. 0-0 0-0 13. Bf2 Rac8 14. Ne3 Qb8 15. a4 Bd8 16. b4 Bc7 17. g3 Rfe8 18. Rfb1 Qa8 19. a5 bxa5 20. b5 Rb8 21. Na4 axb5 22. cxb5 d5 23. b6 Be5 24. Nb2 Rbc8 25. Rxa5 Bc3 26. Rxa8 Bxd2 27. Ra7 Rb8 1-0

[Event "Pan American-ch U16"]
[Site "Cali"]
[Date "2015.07.01"]
[Round "6"]
[White "Muelas Ceballos, Jhon Estiven"]
[Black "Velasco, Isaac"]
[Result "0-1"]
[WhiteElo "1888"]
[BlackElo "1558"]
[PlyCount "71"]
[EventDate "2015.06.28"]
[EventType "swiss"]
[EventRounds "9"]
[EventCountry "COL"]
[SourceTitle "EXT 2016"]
[Source "ChessBase"]
[SourceDate "2015.10.08"]
[SourceVersion "1"]
[SourceVersionDate "2015.10.08"]
[SourceQuality "1"]

1. d4 Nf6 2. Nf3 g6 3. e3 Bg7 4. Bd3 d6 5. 0-0 0-0 6. b3 Nc6 7. Bb2 Re8 8. c4 e5 9. dxe5 dxe5 10. Be2 Nd7 11. Nc3 Nc5 12. Qxd8 Rxd8 13. Nd5 Ne6 14. Rfd1 Rd7 15. Rd2 e4 16. Ne1 Nb4 17. Bxg7 Kxg7 18. Rad1 Nxd5 19. Rxd5 Nf8 20. Nc2 Re7 21. R5d2 c5 22. f3 exf3 23. Bxf3 Bf5 24. Kf2 Rae8 25. Re1 Be4 26. Na3 a6 27. Nc2 f5 28. Bxe4 Rxe4 29. Rd5 b6 30. Rd6 R8e6 31. Red1 Rxd6 32. Rxd6 Re6 33. Rd5 Kf7 34. Ne1 Ke7 35. Nd3 Rd6 36. Nf4 0-1

[Event "Pan American-ch U16"]
[Site "Cali"]
[Date "2015.06.29"]
[Round "2"]
[White "Marquez Pereira, Juan Eduardo"]
[Black "Velasco, Isaac"]
[Result "1/2-1/2"]
[WhiteElo "1814"]
[BlackElo "1558"]
[PlyCount "90"]
[EventDate "2015.06.28"]
[EventType "swiss"]
[EventRounds "9"]
[EventCountry "COL"]
[SourceTitle "EXT 2016"]
[Source "ChessBase"]
[SourceDate "2015.10.08"]
[SourceVersion "1"]
[SourceVersionDate "2015.10.08"]
[SourceQuality "1"]

1. e4 c5 2. Nf3 Nc6 3. d4 cxd4 4. Nxd4 Qb6 5. Nxc6 bxc6 6. Nc3 e5 7. Qh5 d6 8. Bc4 Qc7 9. 0-0 Nf6 10. Qd1 Be7 11. Qe2 0-0 12. h3 Be6 13. Rd1 Rad8 14. Bg5 h6 15. Bxf6 Bxf6 16. Bb3 Bg5 17. Rd3 Bxb3 18. axb3 f5 19. Rad1 Be7 20. R3d2 Kh8 21. Qc4 Qc8 22. Ra1 fxe4 23. Qxe4 Bg5 24. Re2 Qb7 25. g3 Rf7 26. Qg6 Bf6 27. Rae1 d5 28. Na4 Re7 29. Nc5 Qb6 30. Nd3 e4 31. Nf4 Be5 32. Qf5 Bxf4 33. Qxf4 Kg8 34. Kg2 Rf7 35. Qe3 Qxe3 36. Rxe3 Rdf8 37. R3e2 Rf6 38. Ra1 R8f7 39. Ra4 Rf5 40. Ra6 R5f6 41. c3 Rb7 42. b4 Re7 43. Ra5 Rb7 44. b3 Rf3 45. Rc2 Kf8 1/2-1/2